00320nam a2200121Ia 4500008004100000020001500041041001200056100001500068245005100083260004000134300000800174650001600182221030s9999 xx 000 0 und d a0198093691 aEnglish aS. Sridhar 0aDesign & Analysis of Algorithmscby S. Sridhar bOxford Univ. PressaNew Delhic2019 a770 aBE Computer